| 000 | 00472nam a22001457a 4500 | ||
|---|---|---|---|
| 003 | macl | ||
| 005 | 20180408160101.0 | ||
| 008 | 180408b xxu||||| |||| 00| 0 eng d | ||
| 040 | _cmacl | ||
| 100 |
_aरामबहाुर राय _971884 |
||
| 245 | _aअाचार्य जे.बी. कृपलानी | ||
| 260 |
_aनई दिल्ली _bनेशनल बुक ट्रस्ट _c2012 |
||
| 650 |
_aजीवनी _97943 |
||
| 942 |
_2ddc _cHIN |
||
| 999 |
_c57614 _d57614 |
||